Arabic-Type Books Printed in Wallachia, Istanbul, and Beyond : First Volume of Collected Works of the TYPARABIC Project /

This first volume of Collected Works of the ERC Project TYPARABIC focuses on the history of printing during the 18th century in the Ottoman Empire and the Romanian Principalities among diverse linguistic and confessional communities. Although "most roads lead to Istanbul," the many pathway...

Full description

Bibliographic Details
Other Authors: Dipratu, Radu-Andrei (Editor), Noble, Samuel (Editor)
Format: eBook
Language:English
Language Notes:In English.
Published: Berlin ; Boston : De Gruyter, [2024]
Series:Early Arabic Printing in the East , 2
Subjects:
Online Access:Connect to the full text of this electronic book

MARC

Tag First Indicator Second Indicator Subfields
LEADER 00000nam a2200000Mi 4500
001 in00004787640
006 m o d
007 cr || ||||||||
008 240130t20242024gw fo d z000 0 eng d
005 20240419190822.6
035 |a (OCoLC)on1419788727 
040 |a DEGRU  |b eng  |e rda  |c DEGRU 
020 |a 9783111060392 
020 |a 311106039X 
024 7 |a 10.1515/9783111060392  |2 doi 
035 |a (OCoLC)1419788727 
044 |a gw  |c DE 
072 7 |a REL015000  |2 bisacsh 
049 |a TXAM 
245 0 0 |a Arabic-Type Books Printed in Wallachia, Istanbul, and Beyond :  |b First Volume of Collected Works of the TYPARABIC Project /  |c ed. by Samuel Noble, Radu-Andrei Dipratu. 
264 1 |a Berlin ;  |a Boston :  |b De Gruyter,  |c [2024] 
264 4 |c 2024 
300 |a 1 online resource (XVII, 339 p.). 
336 |a text  |b txt  |2 rdacontent 
337 |a computer  |b c  |2 rdamedia 
338 |a online resource  |b cr  |2 rdacarrier 
347 |a text file  |b PDF  |2 rda 
490 0 |a Early Arabic Printing in the East ,  |x 2751-2797 ;  |v 2 
520 |a This first volume of Collected Works of the ERC Project TYPARABIC focuses on the history of printing during the 18th century in the Ottoman Empire and the Romanian Principalities among diverse linguistic and confessional communities. Although "most roads lead to Istanbul," the many pathways of early modern Ottoman printing also connected authors, readers and printers from Central and South-Eastern Europe, Western Europe and the Levant. The papers included in this volume are grouped in three sections. The first focuses on the first Turkish-language press in the Ottoman capital, examining the personality and background of its founder, İbrahim Müteferrika, the legal issues it faced, and its context within the multilingual Istanbul printing world. The second section brings together studies of printing and readership in Central and South-East Europe in Romanian, Greek and Arabic. The final section is made up of studies of the Arabic liturgical and biblical texts that were the main focus of Patriarch Athanasios III Dabbās' efforts in the Romanian Principalities and Aleppo. This volume will be of interest to scholars of the history of printing, Ottoman social history, Christian Arabic literature and Eastern Orthodox liturgy. 
546 |a In English. 
588 0 |a Description based on online resource; title from PDF title page (publisher's Web site, viewed 30. Jan 2024). 
650 4 |a Arabische Christen. 
650 4 |a Arabischer Druck. 
650 4 |a Osmanisches Reich. 
650 7 |a RELIGION / Christianity / History.  |2 bisacsh 
653 |a Arabic Printing, Ottoman Empire. 
653 |a Arabic-speaking Christians. 
700 1 |a Dipratu, Radu-Andrei,  |e editor.  |4 edt  |4 http://id.loc.gov/vocabulary/relators/edt 
700 1 |a Noble, Samuel,  |e editor.  |4 edt  |4 http://id.loc.gov/vocabulary/relators/edt 
776 0 |c EPUB  |z 9783111061269 
776 0 |c print  |z 9783111057804 
856 4 0 |u https://www.degruyter.com/openurl?genre=book&isbn=9783111060392  |z Connect to the full text of this electronic book  |t 0 
955 |a De Gruyter Open Access ebooks 
994 |a 92  |b TXA 
999 f f |s 3f2f745f-58dc-4c55-8abf-cda10d2715bd  |i ee731ab4-1dcb-4da8-bd4d-7e5a827af780  |t 0 
952 f f |a Texas A&M University  |b College Station  |c Electronic Resources  |d Available Online  |t 0  |h Library of Congress classification 
998 f f |t 0  |l Available Online